Parties, movements, and democracy in the developing world / (Record no. 27267)
[ view plain ]
| 000 -LEADER | |
|---|---|
| fixed length control field | 02103cam a22002775a 4500 |
| 005 - DATE AND TIME OF LATEST TRANSACTION | |
| control field | 20190321103539.0 |
| 008 - FIXED-LENGTH DATA ELEMENTS--GENERAL INFORMATION | |
| fixed length control field | 180201t2018 enka frb 001 0 eng d |
| 020 ## - INTERNATIONAL STANDARD BOOK NUMBER | |
| International Standard Book Number | 9781316610053 |
| 040 ## - CATALOGING SOURCE | |
| Original cataloging agency | StDuBDS |
| Language of cataloging | eng |
| Transcribing agency | StDuBDS |
| Modifying agency | EG-ScBUE |
| 043 ## - GEOGRAPHIC AREA CODE | |
| Geographic area code | ma----- |
| 082 04 - DEWEY DECIMAL CLASSIFICATION NUMBER | |
| Classification number | 320.91724 |
| Item number | PAR |
| Edition number | 22 |
| 245 00 - TITLE STATEMENT | |
| Title | Parties, movements, and democracy in the developing world / |
| Statement of responsibility, etc | edited by Nancy Bermeo, Deborah J. Yashar. |
| 250 ## - EDITION STATEMENT | |
| Edition statement | 1st paperback ed. |
| 260 ## - PUBLICATION, DISTRIBUTION, ETC. (IMPRINT) | |
| Place of publication, distribution, etc | Cambridge : |
| Name of publisher, distributor, etc | Cambridge University Press, |
| Date of publication, distribution, etc | c.2018. |
| 300 ## - PHYSICAL DESCRIPTION | |
| Extent | xi, 227 p. : |
| Other physical details | ill. ; |
| Dimensions | 24 cm. |
| 490 0# - Series Statement | |
| Series statement | Cambridge studies in contentious politics. |
| 504 ## - BIBLIOGRAPHY, ETC. NOTE | |
| Bibliography, etc | Includes bibliographical references and index.<br/> |
| 520 ## - SUMMARY, ETC. | |
| Summary, etc | This volume analyzes regime politics in the developing world. By focusing on the civilian, collective actors that forge democracy and sustain it, this book moves beyond materialist arguments focusing on GDP, poverty, and inequality. With case material from four continents, this volume emphasizes the decisive role played by parties and movements in forging democracy against the odds. These pivotal collectivities are consistently the key civilian collectivities that successfully mobilized for democracy, that helped forge enduring democratic institutions, and that shaped the quality of the democracies that emerged; they are the ones tasked with mobilizing along a range of social cleavages, confronting seemingly inhospitable conditions, and coordinating the process of regime change. While the presence of parties and movements alone is not sufficient to explain democracy, their absence is detrimental to enduring democratic regimes. Thus, this volume refocuses our attention on parties and movements as critical mechanisms of regime change. |
| 650 #7 - SUBJECT ADDED ENTRY--TOPICAL TERM | |
| Topical term or geographic name as entry element | Political parties |
| Geographic subdivision | Developing countries. |
| Source of heading or term | BUEsh |
| 9 (RLIN) | 28846 |
| 650 #7 - SUBJECT ADDED ENTRY--TOPICAL TERM | |
| Topical term or geographic name as entry element | Democracy |
| Geographic subdivision | Developing countries. |
| Source of heading or term | BUEsh |
| 9 (RLIN) | 3712 |
| 651 #7 - SUBJECT ADDED ENTRY--GEOGRAPHIC NAME | |
| Geographic name | Developing countries |
| General subdivision | Politics and government |
| Chronological subdivision | 21st century. |
| Source of heading or term | BUEsh |
| 653 ## - INDEX TERM--UNCONTROLLED | |
| Resource For college | BAEPS, Political Science |
| Arrived date list | March2019 |
| 700 1# - ADDED ENTRY--PERSONAL NAME | |
| Personal name | Bermeo, Nancy Gina, |
| Dates associated with a name | 1951- |
| Relator term | editor. |
| 700 1# - ADDED ENTRY--PERSONAL NAME | |
| Personal name | Yashar, Deborah J., |
| Dates associated with a name | 1963- |
| Relator term | editor. |
| 942 ## - ADDED ENTRY ELEMENTS (KOHA) | |
| Source of classification or shelving scheme | Dewey Decimal Classification |
| Withdrawn status | Item status | Source of classification or shelving scheme | Damaged status | Not for loan | Vendor | Home library | Current library | Shelving location | Date acquired | Source of acquisition | Cost, normal purchase price | Serial Enumeration / chronology | Total Checkouts | Full call number | Barcode | Date last seen | Cost, replacement price | Koha item type |
|---|---|---|---|---|---|---|---|---|---|---|---|---|---|---|---|---|---|---|
| Dewey Decimal Classification | Alahram | Central Library | Central Library | First floor | 20/03/2019 | Purchase | 469.00 | 526 | 320.91724 PAR | 000043275 | 15/07/2025 | 586.25 | Book - Borrowing |